000 01380nam a2200337 a 4500
003 BLK
005 20250604135146.0
007 ta
008 221104b bu |||||r|||| 00| | bu d
020 _a9781782093305
040 _aBLK
041 _aENG
_cENG
080 _9235679
_aОбщи енциклопедии. Енциклопедични речници. Научни справочници. Отраслови енциклопедии и справочници се класират в съответните отдели с определител за форма
_b030
_z030
080 _9235010
_aНаука. Наукознание. Организация на умствения труд
_b001
_z001
084 _aM 99
245 _aMy First Question and Answer Book
260 _9488474
_aThaxted
_bMiles Kelly
_c2007
_fChina
300 _a512 с.
_bс цв. ил.
_c23 см
380 _aDN
650 7 _9156634
_aИзобретения
650 0 _9243025
_aДетска и юношеска литература
653 _9191821
_aнаука
653 _9191836
_aнаучни открития
653 _9189249
_aКосмос
653 _9186633
_aживотни
653 _9186978
_aЗемя
852 _bД
_c03/M 99
856 _i0.00
_ldisable
942 _cKNG
_n0
_02
944 _a30570
_cМоника Янева
_k30551
_lБояна Костадинова
999 _c517786
_d517786